000 00697nam a2200217 a 4500
005 20240911064817.0
008 010612s1986 es r 000 0 spa d
020 _a843091286X
035 _aUPN01000108166
049 _aCG
050 4 _aJC359
_bS3.48
100 1 _aShumpeter, Joseph Alois,
_d1883-1950
245 1 0 _aImperialismo. Clases sociales /
_cJoseph A. Schumpeter ; estudio prel. Fabián Estape ; introd. Bert Hoselítz ; tr. Vicente Girbau.
260 _aMadrid :
_bTecnos,
_cc1986.
300 _axxx,175 p.
440 0 _aClásicos del pensamiento ;
_v18
650 4 _aImperialismo
_99887
650 7 _aClases sociales
_2
_96922
650 2 _aConflicto social
_96949
905 _aLibro
999 _c82078
_d82078